Tengo miedo de la oscuridad : (Registro nro. 6422)
[ vista simple ]
| 000 -LEADER | |
|---|---|
| fixed length control field | 00870nam a22002657a 4500 |
| 003 - CONTROL NUMBER IDENTIFIER | |
| control field | OSt |
| 005 - DATE AND TIME OF LATEST TRANSACTION | |
| control field | 20200205151647.0 |
| 008 - FIXED-LENGTH DATA ELEMENTS--GENERAL INFORMATION | |
| fixed length control field | 200203s2004 cv a|||ar|||| 00| 1 spa d |
| 020 ## - INTERNATIONAL STANDARD BOOK NUMBER | |
| International Standard Book Number | 9580468869 |
| 040 ## - CATALOGING SOURCE | |
| Original cataloging agency | CO-JMCR |
| Transcribing agency | CO-JMCR |
| 041 1# - LANGUAGE CODE | |
| Language code of text/sound track or separate title | spa |
| Language code of original | eng |
| 082 ## - DEWEY DECIMAL CLASSIFICATION NUMBER | |
| Classification number | C / |
| Item number | EASt |
| 100 1# - MAIN ENTRY--PERSONAL NAME | |
| Personal name | East, Jacqueline, |
| Relator term | autora |
| 9 (RLIN) | 130 |
| 245 10 - TITLE STATEMENT | |
| Title | Tengo miedo de la oscuridad : |
| Remainder of title | el perrito Ed |
| Statement of responsibility, etc. | Por Jacqueline East ; traducción, Cristina Puerta |
| 260 ## - PUBLICATION, DISTRIBUTION, ETC. | |
| Place of publication, distribution, etc. | Bogotá : |
| Name of publisher, distributor, etc. | Norma, |
| Date of publication, distribution, etc. | 2004 |
| 300 ## - PHYSICAL DESCRIPTION | |
| Extent | [28] páginas : |
| Other physical details | principalmente ilustraciones a color ; |
| Dimensions | 23 cm. |
| 490 0# - SERIES STATEMENT | |
| Series statement | Buenas noches |
| 500 ## - GENERAL NOTE | |
| General note | Titulo original: I´m scared of the dark<br/> |
| 546 ## - LANGUAGE NOTE | |
| Language note | Traducido del inglés |
| 650 14 - SUBJECT ADDED ENTRY--TOPICAL TERM | |
| Topical term or geographic name entry element | Cuentos infantiles ingleses |
| 9 (RLIN) | 180 |
| 650 14 - SUBJECT ADDED ENTRY--TOPICAL TERM | |
| Topical term or geographic name entry element | Amistad |
| 9 (RLIN) | 181 |
| 650 14 - SUBJECT ADDED ENTRY--TOPICAL TERM | |
| Topical term or geographic name entry element | Miedo a la oscuridad |
| 9 (RLIN) | 191 |
| 700 1# - ADDED ENTRY--PERSONAL NAME | |
| Personal name | Puerta, Cristina, |
| Relator term | traductora |
| 9 (RLIN) | 131 |
| 942 ## - ADDED ENTRY ELEMENTS (KOHA) | |
| Source of classification or shelving scheme | Dewey Decimal Classification |
| Koha item type | Books |
| Withdrawn status | Lost status | Source of classification or shelving scheme | Damaged status | Not for loan | Collection code | Home library | Current library | Shelving location | Date acquired | Source of acquisition | Cost, normal purchase price | Total Checkouts | Total Renewals | Full call number | Barcode | Date last seen | Date last checked out | Copy number | Price effective from | Koha item type |
|---|---|---|---|---|---|---|---|---|---|---|---|---|---|---|---|---|---|---|---|---|
| Dewey Decimal Classification | Fiction | Biblioteca Pública José María del Castillo y Rada | Biblioteca Pública José María del Castillo y Rada | Processing Center | 12/19/2019 | Donación | 0.00 | 13 | 3 | C / EASt | 201809606 | 03/26/2026 | 03/26/2026 | Ej.1 | 02/03/2020 | Books |